| 000 | 00959nom a22002417a 4500 | ||
|---|---|---|---|
| 003 | MX-MxUPN | ||
| 005 | 20250404104051.0 | ||
| 008 | 250403s2000 |||||||f ||||ir0| |nspa d | ||
| 040 |
_aMX-MxUPN _bspa |
||
| 041 | 0 | _aeng | |
| 050 | 4 |
_aLB1028.3 _bF33 2000 |
|
| 100 | 1 |
_aFaccini, Benedict _956275 |
|
| 100 | 1 |
_aJain, Manish _956277 |
|
| 245 | 1 | 0 | _aTechnology and learning |
| 260 |
_a[Lugar de publicación no identificado] : _bUnesco, _c[2000] |
||
| 300 | _a4 volúmenes | ||
| 490 | _aEducaction for all : making it work : change in action = L'education pour tous : en faire une realité : l'imagination au puvoir = La educación para todos : hacerla realidad : manos a la obra | ||
| 505 | 0 | 0 |
_gv.1 _tTechnology and education. -- _gv.2 _tOpinions. -- _gv.3 _tDefinitions and resources. -- _gv.4 _tCases. |
| 650 | 4 |
_aTecnología educativa _94978 |
|
| 650 | 2 |
_aComunidad de aprendizaje _923687 |
|
| 902 | _bVíctorGodínez/030425 | ||
| 942 |
_2lcc _cKIT |
||
| 999 |
_c213048 _d213048 |
||